Quiz sul Sudafrica - Statistics

Statistiche generali
  • Questo quiz è stato fatto 920 volte
  • Il punteggio medio è 14 su 28
Statistiche sulle risposte
Hint Risposta % Corretto
Città del Capo
92%
Presidente del paese dal 1994 al 1999 Nelson Mandela
89%
Pretoria
87%
Nome con la quale è indicato il periodo della segregazione razziale Apartheid
77%
Città più grande del paese Johannesburg
77%
Inglese
76%
Lesotho
74%
Namibia
72%
Eswatini
71%
Mozambico
70%
Paesi confinanti Botswana
69%
Zimbabwe
68%
Nome delle 3 capitali del paese Bloemfontein
61%
E' considerato erroneamente il punto più meridionale del continente africano Capo di {Buona speranza}
61%
Lingue ufficiali più parlate Afrikaans
51%
Rumorose trombette utilizzate durante la coppa del mondo di calcio del 2010 Vuvuzela
42%
Gruppo di persone discese da coloni olandesi Boeri
35%
Grande deserto del nord-ovest del paese Kalahari
35%
Fiume più lungo Orange
31%
Moneta Rand
30%
Isola prigione dove esso rimase rinchiuso per 27 anni {Robben} island
27%
Zulu
27%
Soprannome della squadra di rugby (suggerimento: è una piccola antilope) Springboks
23%
Partito politico che guidava African National Congress
21%
Xhosa
18%
Presidente del paese dal 2009 al 2018 Jacob Zuma
17%
Vescovo vincitore del Premio Nobel Desmond Tutu
16%
Società che una volta controllava oltre il 90% del commercio di diamanti in tutto il mondo De Beers
15%
Nessun quiz corrispondente trovato
Distribuzione punteggi
Percentuale di utenti per punteggio
Percentile per numero di risposta
I tuoi punteggi nel tempo
Non hai fatto questo quiz